Statistiques concernant Inventions par pays

Cliquez ici pour prendre le quiz!

Statistiques générales

  • Ce quiz a été pris 390 fois
  • Le résultat moyen est 12 sur 20

Statistiques - réponses

InventionAnnéePays% Correct
Le basketball1891Etats-Unis
84%
La poudre à canon≈700Chine
83%
La montgolfière1783France
82%
La démocratie≈400 av. J-CGrèce
79%
La locomotive1804Royaume-Uni
79%
La samba≈1920Brésil
77%
La soie3500 av. J-CChine
72%
Les Lego1932Danemark
70%
L'ampoule1878Etats-Unis
69%
Le satellite1957Russie
69%
L'avion1903Etats-Unis
58%
L'automobile
(moteur à explosion)
1885Allemagne
56%
La psychanalyse≈1890Autriche
56%
Le tableau périodique
des éléments
1869Russie
55%
La dynamite1867Suède
46%
La boussole≈1000Chine
42%
La pile
électrique
1745Italie
40%
Le nombre zéro≈400Inde
30%
La radio≈1890Italie
30%
La café≈1400Éthiopie
19%

Distribution des résultats

Percentile par nombre de réponses

% des personnes avec chaque résultat

Votre développement - résultats

Vous n’avez pas pris ce quiz